| 000 | 00681nam a2200205Ia 4500 | ||
|---|---|---|---|
| 008 | 230125s9999 xx 000 0 und d | ||
| 020 | _a978-81-87671-37-4 | ||
| 041 | _aeng | ||
| 082 |
_a823 _bCAN/HAN |
||
| 100 | _aCanfield J | ||
| 245 | _aChicken Soup for the Mother and Daughter Soul | ||
| 260 |
_c2002 _bWestland Publications _aMumbai |
||
| 300 | _a359p | ||
| 440 | _aChicken Soup for the Soul Series Book | ||
| 500 | _aEnglish Literature;Literature;Series Book;Chicken Soup for the Soul Series Book | ||
| 650 | _aEnglish Literature | ||
| 700 |
_aCanfield J; Hansen M V; Firman D; Firman J & Salorio F F _9108364 |
||
| 906 | _b74 | ||
| 999 |
_c85199 _d85199 |
||